00373pam a2200145 a 4500020000500000041000500005100002200010245004300032260000900075300000700084653001400091930000900105999001900114952009400133 c h aDr. V. S. Phadake aGeography Stad VIIIhTextual Documents c1994 a59 aGeography a1108 c246961d246961 00104070aEVPbEVPd2011-09-19e l0o pEVP-90r2023-04-03 00:00:00t1w2023-04-03yBK